| 000 | 00665nam a2200229 i 4500 | ||
|---|---|---|---|
| 001 | 5462 | ||
| 003 | ES-MaACL | ||
| 005 | 20230906144604.0 | ||
| 007 | t| | ||
| 008 | 880625s1988 sp ||||1| spa d | ||
| 020 | _a84-7658-067-3 | ||
| 080 | _a001.4(038) | ||
| 080 | _a3(038) | ||
| 245 | 0 | 0 |
_aTerminología científico-social _b: aproximacion critica / _cRomán Reyes, director. |
| 250 | _a1a ed. | ||
| 260 |
_aBarcelona : _bAnthropos, _c1988. |
||
| 300 |
_a1051 p. ; _c24 cm. |
||
| 504 | _aBibliografia. | ||
| 650 | 1 | 4 |
_aCiencias sociales- _xDiccionarios. _910992 |
| 700 | 1 |
_aReyes, Román, _edir. _996575 |
|
| 852 |
_aES-MaACL _jL-12117 _bR.115182 _z. - Tela |
||
| 999 |
_c5462 _d5462 |
||